| 000 | 00529 a2200169 4500 | ||
|---|---|---|---|
| 003 | OSt | ||
| 005 | 20180116182712.0 | ||
| 008 | 160427b xxu||||| |||| 00| 0 eng d | ||
| 040 | _c0 | ||
| 082 | _a650.025095491 | ||
| 100 | _aGovernement of Pakistan | ||
| 245 |
_aJamal's Yellow Pages of Pakistan Industrial / Commercial Guide _cGovernement of Pakistan |
||
| 250 |
_a23rd Edition _bVolume 1 (A to E) |
||
| 260 |
_aKarachi, Pakistan _bU.S. Publishers PVT. LTD _c2006 |
||
| 300 | _a704 | ||
| 942 |
_aNBS _cBK _k650.025095491 USP _2ddc |
||
| 999 |
_c344436 _d344436 |
||